| 000 | 00985nam a22002295i 4500 | ||
|---|---|---|---|
| 001 | 154435 | ||
| 003 | ES-MaACL | ||
| 005 | 20250809035226.0 | ||
| 008 | 961110m18401842sp |||| | spa d | ||
| 040 |
_aCLM _bspa _cCCPB | SIC |
||
| 100 |
_aGómez de la Serna, Pedro, _d1806-1871 _9222227 |
||
| 245 | 1 | 0 |
_aElementos del derecho civil y penal de España _b: precedidos de una reseña historica de la legislación española / _cpor Pedro Gomez de la Serna, y Juan Manuel Montalban. |
| 260 |
_aMadrid : _b[s.n.], _c1840-1842 ( _fEstablecimiento Tipográfico) |
||
| 300 |
_a3 v. (96, 252 ; 338 ; 258 p.) ; _c19 cm. |
||
| 596 | 1 | _aEl t. III es la imprenta de Vicente de Lalama. | |
| 650 | 4 |
_aDerecho civil- _zEspaña _911659 |
|
| 650 | 4 |
_aDerecho penal- _zEspaña _911752 |
|
| 700 | 1 | 1 |
_aMontalbán, Juan Manuel, _d1806-1889 _982337 |
| 752 |
_aEspaña - _dMadrid |
||
| 852 |
_aES-MaACL _jZ-34-36 _z-- Enc. pasta española _xOlim: C-3518-20 |
||
| 999 |
_c154435 _d154435 |
||